O Bando (Registo nº 4688)

Detalhes MARC
000 -Etiqueta do registo
Cabeçalho 01173nam 2200253 4500
010 ## - Número internacional normalizado dos livros (ISBN)
Número (ISBN) 9789896685461
100 ## - Dados gerais de processamento
Dados gerais de processamento 20260211d20192020u||y0pory50 ba
101 ## - Língua de publicação
Língua do texto, banda sonora, etc. Português
Língua do documento no original Inglês
102 ## - Pais de publicação ou produção
País de publicação Reino Unido
200 1# - Titulo e menção de responsabilidade
Título próprio O Bando
Informação de outro título A História de uma Guardiã das Árvores
Primeira menção de responsabilidade Gemma koomen
Outras menções de responsabilidade trad. Susana Cardoso Ferreira
-- il. Gemma Koomen
205 ## - Menção da edição
Menção da edição 1.ª
210 ## - Publicação, Distribuição, etc. 
Lugar da edição, distribuição, etc. Amadora
Nome do editor, distribuidor, etc. Fábula
Data da publicação, distribuição, etc. 2020
215 ## - Descrição física 
Indicação específica da natureza do documento e extensão da espécie [40] p.
Outras indicações físicas todo il.
225 1# - Colecção 
Título próprio da colecção A história de uma guardiã das árvores
330 ## - Sumário ou Resumo
Texto da nota Na orla da floresta, existe uma grande árvore. Se espreitares através dos seus ramos, conseguirás ver os pequeninos Guardiões das Árvores sempre muito atarefados.<br/>A Sílvia prefere ficar sozinha em vez de se juntar aos jogos barulhentos dos outros Guardiões das Árvores. Até que, um dia, faz um amigo especial que irá ajudá-la a mudar de ideias.<br/>O início da primavera e o desabrochar da natureza são aqui explicados de forma magistral, com ilustrações belas e irresistíveis para as crianças.<br/>
510 1# - Título paralelo
Título paralelo Flock
675 ## - Classificação Decimal Universal (CDU)
Notação 821.111
Edição 3ª ed.
Língua da edição por
700 #1 - Nome de autor-pessoa física (responsabilidade principal)
Palavra de ordem Koomen
Outra parte do nome não tomada para palavra de ordem Gemma
942 ## - Elementos de entrada adicionados (Koha)
Tipo de item no Koha Livro
990 ## - Elementos KOHA
Koha item type Livro
Suppress in OPAC Escondido
994 ## - Estado da catalogação
Situação PARA CORRIGIR
Exemplares
Situação do levantamento Origin of item (home branch) (coded) Biblioteca de empréstimo Lending or holding organisation (holding branch) code Código de barras Cota Circulation type (not for loan) Tipo de documento Damaged status
  Biblioteca Escolar da Coca Maravilhas Biblioteca Escolar da Coca Maravilhas Biblioteca Escolar da Coca Maravilhas BECM20009 8C KOO   Livro